[Event "Women's Speed Chess Q1"]
[Site "chess.com INT"]
[Date "2021.05.28"]
[Round "2"]
[White "Cori T., Deysi"]
[Black "Mkrtchian, Lilit"]
[Result "1-0"]
[WhiteTitle "WGM"]
[BlackTitle "IM"]
[WhiteElo "2388"]
[BlackElo "2388"]
[WhiteFideId "3801934"]
[BlackFideId "13300601"]
[EventDate "2021.05.28"]

1. d4 Nf6 2. Nf3 d5 3. c4 c6 4. e3 Bg4 5. h3 Bxf3 6. Qxf3 e6 7. Nc3 Bb4 8. Bd3
Nbd7 9. O-O O-O 10. Rd1 Re8 11. Bd2 Qe7 12. a3 Bxc3 13. Bxc3 e5 14. dxe5 Nxe5
15. Bxe5 Qxe5 16. cxd5 cxd5 17. Rd2 Rac8 18. Rad1 g6 19. Bb1 Rc5 20. Rd4 Rec8
21. g3 Rc1 22. Kg2 Rxd1 23. Qxd1 Kg7 24. Ba2 Rc5 25. b4 Rc3 26. a4 Qe7 27. Bxd5
Nxd5 28. Rxd5 Qxb4 29. Qf3 Rc6 30. Rd4 Qe7 31. Rf4 Rc2 32. h4 h5 33. Rd4 Rc6 34.
Rf4 Rc2 35. Qd5 Rc6 36. Qd4+ Kh7 37. Qd5 Kg7 38. Qd2 Kh7 39. Qa2 Kg7 40. Qd5 Re6
41. Qd4+ Kh7 42. a5 Rc6 43. Qd5 a6 44. Rxf7+ Qxf7 45. Qxf7+ 1-0

[Event "Women's Speed Chess Q1"]
[Site "chess.com INT"]
[Date "2021.05.28"]
[Round "2"]
[White "Soumya, Swaminathan"]
[Black "Gaponenko, Inna"]
[Result "1-0"]
[WhiteTitle "IM"]
[BlackTitle "IM"]
[WhiteElo "2351"]
[BlackElo "2357"]
[WhiteFideId "5016193"]
[BlackFideId "14101181"]
[EventDate "2021.05.28"]

1. b3 e5 2. Bb2 Nc6 3. e3 g6 4. f4 Bg7 5. Nf3 Nge7 6. fxe5 d6 7. Na3 dxe5 8. Nc4
f6 9. e4 O-O 10. Ne3 Be6 11. Bc4 Bxc4 12. Nxc4 Nd4 13. O-O b5 14. Ne3 c6 15. a4
a6 16. Ba3 Rf7 17. c3 Nxf3+ 18. Rxf3 Rc8 19. Bc5 Qd7 20. d4 exd4 21. cxd4 Qe6
22. Qc2 Re8 23. axb5 axb5 24. Ra7 Nc8 25. Rxf7 Qxf7 26. Ng4 Qe6 27. Nf2 Nd6 28.
Re3 Nf5 29. Re2 Nh4 30. h3 f5 31. e5 f4 32. Qe4 f3 33. Re3 g5 34. Ng4 fxg2 35.
Rg3 h5 36. Nf6+ Bxf6 37. Qxh4 Bd8 38. Qxh5 Qf7 39. Qxf7+ Kxf7 40. Rxg2 Ke6 41.
Rf2 Kd5 42. Rf7 Ke4 43. Rd7 Kd3 44. e6 1-0

[Event "Women's Speed Chess Q1"]
[Site "chess.com INT"]
[Date "2021.05.28"]
[Round "2"]
[White "Priyanka, K"]
[Black "Singgih, Diajeng Theresa"]
[Result "0-1"]
[WhiteTitle "WIM"]
[BlackTitle "WFM"]
[WhiteElo "2218"]
[BlackElo "1972"]
[WhiteFideId "5082986"]
[BlackFideId "7104391"]
[EventDate "2021.05.28"]

1. e4 e5 2. Nf3 Nc6 3. Bb5 a6 4. Ba4 Nf6 5. d3 b5 6. Bb3 Bc5 7. Nc3 O-O 8. Bg5
h6 9. Bh4 g5 10. Bg3 d6 11. Qd2 Bg4 12. h4 Bxf3 13. gxf3 Nd4 14. Qd1 Nh7 15. Nd5
a5 16. c3 Nxb3 17. axb3 f5 18. hxg5 hxg5 19. d4 Ba7 20. f4 exf4 21. Qh5 Qd7 22.
Qg6+ Qg7 23. Ne7+ Kh8 24. Qxg7+ Kxg7 25. Nxf5+ Rxf5 26. exf5 fxg3 27. fxg3 Nf6
28. Rxa5 Re8+ 29. Kd1 Bb6 30. Rxb5 Ne4 31. Re1 Nf2+ 32. Kd2 Ra8 33. Re2 Ng4 34.
f6+ Kxf6 35. Re4 Nh6 36. Re2 Ra2 37. Rf2+ Kg6 38. Kc2 Ng4 39. Rd5 Ne3+ 40. Kb1
Ra6 41. Rb5 c6 42. Rb4 Nd5 43. Ra4 Ra7 44. Rxa7 Bxa7 45. Kc2 Kh5 46. Rf8 Bb6 47.
Rd8 Bxd8 0-1

[Event "Women's Speed Chess Q1"]
[Site "chess.com INT"]
[Date "2021.05.28"]
[Round "2"]
[White "Vantika, Agrawal"]
[Black "Balabayeva, Xeniya"]
[Result "1-0"]
[WhiteTitle "WIM"]
[BlackTitle "WFM"]
[WhiteElo "2286"]
[BlackElo "2178"]
[WhiteFideId "25050389"]
[BlackFideId "13719688"]
[EventDate "2021.05.28"]

1. d4 Nf6 2. c4 e6 3. g3 d5 4. Bg2 Be7 5. Nf3 O-O 6. O-O c6 7. Qc2 b6 8. b3 Nbd7
9. Rd1 Ba6 10. Nbd2 Rc8 11. e4 dxe4 12. Nxe4 Nxe4 13. Qxe4 Nf6 14. Qc2 Qc7 15.
Bf4 Bd6 16. Bg5 Nd7 17. a4 Bb7 18. c5 bxc5 19. dxc5 Nxc5 20. Rxd6 Qxd6 21. Rd1
Qc7 22. Qxc5 f6 23. Be3 Rfd8 24. Rc1 e5 25. Bh3 Ra8 26. Be6+ Kh8 27. Nh4 Rd6 28.
Bf5 Rad8 29. Qc2 g5 30. Nf3 c5 31. Be4 Bxe4 32. Qxe4 Rd1+ 33. Rxd1 Rxd1+ 34. Kg2
Rd8 35. h4 gxh4 36. Nxh4 Qd7 37. Bxc5 a6 38. b4 Qxa4 39. Be7 Rd4 40. Bxf6+ Kg8
41. Qa8+ Kf7 42. Bxe5 Rxb4 43. Qf3+ Ke8 44. Nf5 Qb5 45. Nd6+ 1-0

[Event "Women's Speed Chess Q1"]
[Site "chess.com INT"]
[Date "2021.05.28"]
[Round "2"]
[White "Vargas, Gabriela"]
[Black "Kiolbasa, Oliwia"]
[Result "1/2-1/2"]
[WhiteTitle "WIM"]
[BlackTitle "WIM"]
[WhiteElo "2170"]
[BlackElo "2255"]
[WhiteFideId "3700860"]
[BlackFideId "1154613"]
[EventDate "2021.05.28"]

1. d4 d5 2. Nf3 Nf6 3. Bg5 Nbd7 4. Nbd2 e6 5. e3 Be7 6. Bd3 O-O 7. c3 c5 8. O-O
b6 9. Ne5 Bb7 10. f4 Ne4 11. Bxe7 Qxe7 12. Ndf3 f6 13. Nxd7 Qxd7 14. Qe2 a6 15.
Rae1 b5 16. Bxe4 dxe4 17. Nd2 cxd4 18. cxd4 Bd5 19. b3 Rac8 20. Rc1 Rxc1 21.
Rxc1 Rc8 22. Qd1 Rc6 23. Nb1 Qc7 24. Rxc6 Qxc6 25. Qd2 a5 26. Qc3 b4 27. Qxc6
Bxc6 28. Nd2 Bd5 29. Kf2 Kf7 30. g4 Kg6 31. Ke1 h5 32. h3 hxg4 33. hxg4 Kf7 34.
Kd1 Ke7 35. Kc2 Kd7 36. Kb2 Kc6 37. a3 Kb5 38. a4+ Kc6 39. Nf1 Kd6 40. Ng3 g6
41. Kc2 Ke7 42. Ne2 Kd6 43. Ng3 Ke7 44. Ne2 Kf7 45. Ng3 f5 46. g5 Ke7 47. Nf1
Kf7 48. Nd2 Ke7 49. Kb2 Kf7 50. Nf1 Ke7 51. Ng3 Kf7 52. Nh1 Ke7 53. Nf2 Kf7 54.
Nh3 Ke7 55. Ng1 Kf7 56. Ne2 1/2-1/2

[Event "Women's Speed Chess Q1"]
[Site "chess.com INT"]
[Date "2021.05.28"]
[Round "2"]
[White "Borisova, Ekaterina"]
[Black "Azhar, Puteri Munajjah Az-Zahraa"]
[Result "0-1"]
[WhiteTitle "FM"]
[BlackTitle "WIM"]
[WhiteElo "2268"]
[BlackElo "2046"]
[WhiteFideId "34124184"]
[BlackFideId "5709040"]
[EventDate "2021.05.28"]

1. d4 Nf6 2. c4 g6 3. Nc3 Bg7 4. Nf3 d6 5. g3 O-O 6. Bg2 Nbd7 7. O-O c6 8. e4
Qc7 9. h3 e5 10. Be3 Re8 11. Qc2 exd4 12. Nxd4 Nc5 13. Rfe1 a5 14. Rad1 Nfd7 15.
b3 Nb6 16. Bf4 Be5 17. Bxe5 dxe5 18. Nf3 f6 19. Nh2 Be6 20. Ng4 Kg7 21. Qc1 Bxg4
22. hxg4 Ne6 23. Ne2 Rad8 24. Qc3 Nd7 25. Rd2 Ndc5 26. Red1 b5 27. cxb5 cxb5 28.
Rd5 Qb6 29. g5 fxg5 30. Qxe5+ Kf7 31. Rd6 Rxd6 32. Rxd6 Qc7 33. Qd5 Rd8 34. e5
Ke7 35. Rxd8 Qxd8 36. Qf3 Qf8 37. Qc6 Qb8 38. Bd5 Qxe5 39. Bxe6 Nxe6 40. Nc3 Nd4
41. Nd5+ Kf7 42. Qd7+ Kg8 43. Ne7+ Kf8 44. Qd8+ Kf7 45. Nd5 Qe1+ 46. Kg2 Qe4+
47. Kh3 Qf5+ 48. Kg2 Qf3+ 49. Kf1 Qh1# 0-1

[Event "Women's Speed Chess Q1"]
[Site "chess.com INT"]
[Date "2021.05.28"]
[Round "2"]
[White "Mrudul, Dehankar"]
[Black "Adam, Ernestina"]
[Result "1-0"]
[WhiteTitle "WIM"]
[BlackTitle "WCM"]
[WhiteElo "2256"]
[BlackElo "1354"]
[WhiteFideId "25096990"]
[BlackFideId "165883"]
[EventDate "2021.05.28"]

1. e4 c6 2. d4 d5 3. Nc3 dxe4 4. Nxe4 Bf5 5. Ng3 Bg6 6. h4 h6 7. Nh3 e6 8. Nf4
Bh7 9. Bc4 Nf6 10. O-O Bd6 11. Re1 O-O 12. c3 Qc7 13. Ngh5 Nxh5 14. Nxh5 Bg6 15.
Qg4 Bxh5 16. Qxh5 Nd7 17. Qg4 Nf6 18. Qf3 b5 19. Bb3 c5 20. Bxh6 Rfd8 21. Bg5
Be7 22. dxc5 Qxc5 23. Rad1 a5 24. Bc2 Rxd1 25. Rxd1 Rd8 26. Rxd8+ Bxd8 27. Qd3
Bb6 28. Qg3 Nd7 29. Be3 Qc6 30. Bh6 Kf8 31. Bxg7+ Ke8 32. Bh6 Nf6 33. Qf4 Nd5
34. Qb8+ Ke7 35. Qf8+ Kf6 36. Qg7+ Ke7 37. Bg5+ Kd7 38. Qxf7+ Kc8 39. Be4 Qc5
40. Qxe6+ Kb8 41. Qe5+ Ka7 42. Be3 Nxe3 43. Qxc5 Bxc5 44. fxe3 Bxe3+ 45. Kh2 Bc1
46. b3 1-0

[Event "Women's Speed Chess Q1"]
[Site "chess.com INT"]
[Date "2021.05.28"]
[Round "2"]
[White "Vaishali, R"]
[Black "Chitlange, Sakshi"]
[Result "1-0"]
[WhiteTitle "WGM"]
[BlackTitle "WIM"]
[WhiteElo "2393"]
[BlackElo "2167"]
[WhiteFideId "5091756"]
[BlackFideId "35002899"]
[EventDate "2021.05.28"]

1. d4 Nf6 2. Bf4 d5 3. e3 c5 4. Nf3 cxd4 5. exd4 Nc6 6. Nbd2 Bg4 7. c3 e6 8. Qb3
Qc8 9. Ne5 Nxe5 10. dxe5 Nd7 11. c4 Qc6 12. cxd5 Qxd5 13. Qxd5 exd5 14. Bd3 Be7
15. O-O O-O 16. Nb3 Nc5 17. Nxc5 Bxc5 18. Rac1 Bb6 19. h3 Be6 20. Kh2 Rac8 21.
Kg3 Bd4 22. b3 h6 23. h4 Rfd8 24. h5 Kf8 25. f3 Ke7 26. Kh2 Rc3 27. Rxc3 Bxc3
28. Bg3 Rc8 29. f4 f5 30. Bf2 d4 31. Rd1 b6 32. Be2 Rd8 33. Kh3 Bf7 34. Rd3 Bd5
35. Rd1 Be4 36. Bd3 Bxd3 37. Rxd3 Ke6 38. g4 fxg4+ 39. Kxg4 Kd5 40. Kf3 Rf8 41.
Rd1 Rf5 42. Kg4 Rf8 43. Kf3 Rf5 44. Rh1 a5 45. Bg3 b5 46. Kg4 Rf8 47. f5 d3 48.
Rd1 d2 49. Bf4 Ke4 50. Bxd2 1-0

[Event "Women's Speed Chess Q1"]
[Site "chess.com INT"]
[Date "2021.05.28"]
[Round "2"]
[White "Klinova, Masha"]
[Black "Nomin-Erdene, Davaademberel"]
[Result "1-0"]
[WhiteTitle "IM"]
[BlackTitle "IM"]
[WhiteElo "2275"]
[BlackElo "2382"]
[WhiteFideId "2802015"]
[BlackFideId "4900782"]
[EventDate "2021.05.28"]

1. e4 c6 2. d4 d5 3. e5 Bf5 4. h4 h5 5. c4 e6 6. Nc3 Be7 7. Nf3 Nd7 8. cxd5 cxd5
9. Bd3 Bxd3 10. Qxd3 Nh6 11. Bxh6 Rxh6 12. g3 Qb6 13. O-O O-O-O 14. Rfc1 Kb8 15.
a3 f6 16. exf6 gxf6 17. b4 Rg8 18. Na4 Qd6 19. Nc5 Rhg6 20. Nxd7+ Qxd7 21. Rc3
Bd6 22. Rac1 Bxg3 23. fxg3 Rxg3+ 24. Kf1 e5 25. dxe5 fxe5 26. Qe3 Qh3+ 27. Ke1
a6 28. Qxe5+ Ka8 29. Rc8+ Rxc8 30. Rxc8+ Qxc8 31. Qxg3 Qc3+ 32. Kf2 Qb2+ 33. Kg1
Qxa3 34. Qf4 Qa1+ 35. Kg2 Qc3 36. Qd4 Qc2+ 37. Kg3 Qf5 38. Ne5 Qe6 39. Nd3 Qg6+
40. Kf3 Qf7+ 41. Ke3 Qe7+ 42. Kd2 Qe6 43. Kc3 Qf5 44. Kb3 Qe6 45. Qe5 Qh3 46.
Qxd5 Qxh4 47. Nc5 Qg3+ 48. Ka4 Qc7 49. Qxh5 Ka7 50. Qd5 Qb6 51. Qd4 Qb5+ 52. Kb3
Ka8 53. Nd7 Qc6 54. Nb6+ Kb8 55. Nd7+ Ka8 56. Ne5 Qc7 57. Nd3 Qg3 58. Qc4 Ka7
59. Qc5+ Ka8 60. Kc3 Kb8 61. Qe5+ Qxe5+ 62. Nxe5 Ka7 63. Kc4 b6 64. Nc6+ Kb7 65.
Kd5 b5 66. Na5+ Kc7 67. Kc5 Kb8 68. Kb6 Kc8 69. Kxa6 Kd7 70. Kxb5 Kd6 71. Kb6 1-0

[Event "Women's Speed Chess Q1"]
[Site "chess.com INT"]
[Date "2021.05.28"]
[Round "2"]
[White "Buksa, Nataliya"]
[Black "Linares Napoles, Oleiny"]
[Result "1/2-1/2"]
[WhiteTitle "IM"]
[BlackTitle "WGM"]
[WhiteElo "2414"]
[BlackElo "2255"]
[WhiteFideId "14123622"]
[BlackFideId "3504794"]
[EventDate "2021.05.28"]

1. e4 d6 2. d4 Nf6 3. Nc3 g6 4. Bg5 Bg7 5. e5 dxe5 6. dxe5 Ng4 7. Qxd8+ Kxd8 8.
Rd1+ Bd7 9. Nd5 Nc6 10. f4 h6 11. Bh4 g5 12. fxg5 Bxe5 13. Nf3 Bxb2 14. Rb1 Ba3
15. Rxb7 Bd6 16. Be2 hxg5 17. Bxg5 f6 18. Bd2 e6 19. Nf4 Rb8 20. Rxb8+ Nxb8 21.
h3 Ne5 22. Nxe5 Bxe5 23. Kf2 Rg8 24. g4 Nc6 25. Rb1 Ke7 26. Bd3 Bd4+ 27. Ke2 Ne5
28. Be4 Bb6 29. Bb4+ c5 30. Bc3 Bc6 31. Bxc6 Nxc6 32. a4 Kf7 33. Kf3 c4 34. h4
Bd4 35. Rb7+ Kf8 36. Nxe6+ Ke8 37. Nxd4 Ne5+ 38. Kg3 Rxg4+ 39. Kf2 Rxh4 40. Ne6
Rh2+ 41. Kg3 Rxc2 42. Bb4 Nd7 43. Rc7 c3 44. Nd4 Rc1 45. Rc8+ Kf7 46. Rxc3 Rxc3+
47. Bxc3 Nb6 48. a5 Nd5 49. Bd2 a6 50. Nc6 Ke6 51. Nb8 Nc7 52. Bf4 Nb5 53. Nxa6
Kd5 54. Nc7+ Kc6 55. Ne6 Kb7 56. Bd2 Ka6 57. Kg4 Na3 58. Nc5+ Kb5 59. Nb7 Nc4
60. Be1 Ka6 61. Kf5 Kxb7 62. Kxf6 Nxa5 1/2-1/2

[Event "Women's Speed Chess Q1"]
[Site "chess.com INT"]
[Date "2021.05.28"]
[Round "2"]
[White "Frattini, Beatriz Maria"]
[Black "Kabanova, Ekaterina"]
[Result "1/2-1/2"]
[WhiteTitle "WCM"]
[BlackTitle "WFM"]
[WhiteElo "1854"]
[BlackElo "2138"]
[WhiteFideId "22715002"]
[BlackFideId "24112917"]
[EventDate "2021.05.28"]

1. e4 c5 2. Nf3 e6 3. d4 cxd4 4. Nxd4 a6 5. Bd3 Qc7 6. O-O b5 7. Qe2 Bb7 8. a4
bxa4 9. Rxa4 Nf6 10. Nc3 Be7 11. Kh1 Nc6 12. Nxc6 Qxc6 13. f3 d6 14. Bd2 O-O 15.
Rfa1 Qb6 16. b3 d5 17. exd5 Nxd5 18. Nxd5 Bxd5 19. Rxa6 Rxa6 20. Rxa6 Qb7 21.
Ra1 Bf6 22. Re1 Rd8 23. c4 Bc6 24. Bc2 h5 25. Rd1 h4 26. Bf4 h3 27. Rxd8+ Bxd8
28. Qd3 hxg2+ 29. Kxg2 Bf6 30. Bd6 g6 31. c5 Qb4 32. Kf2 Bh4+ 33. Kg2 Qe1 34.
Bg3 Bxg3 35. hxg3 Qc1 36. Qe2 Qb2 37. Qd3 Bd5 38. Kh3 Qc1 39. Kg2 Qb2 40. Kf2
Qc1 41. Kg2 Qa3 42. Qb5 Qb2 43. Qd3 Qa3 44. Qc3 Qa6 45. Kf2 Qb7 46. b4 Qa6 47.
Bd3 Qa2+ 48. Be2 Bc6 49. Qc4 Qb1 50. b5 Bd5 51. Qd3 Qh1 52. c6 Qh2+ 53. Ke3 Qg1+
54. Kd2 Qc5 55. Qc3 Qd6 56. c7 Bb7+ 57. Bd3 Bc8 58. f4 Qb6 59. Ke2 Qb7 60. Kf2
Qh1 61. Qf6 Qh2+ 62. Kf1 Qh1+ 63. Ke2 Qg2+ 64. Kd1 Bb7 65. Qd8+ Kg7 66. c8=Q
Bxc8 67. Qxc8 Qxg3 68. Qc3+ Kh7 69. Qd2 Qg1+ 70. Kc2 Qc5+ 71. Qc3 Qf2+ 72. Qd2
Qc5+ 73. Kb2 Qd4+ 74. Kb3 Qd5+ 75. Kb2 Qd4+ 76. Kc2 Qc5+ 1/2-1/2

[Event "Women's Speed Chess Q1"]
[Site "chess.com INT"]
[Date "2021.05.28"]
[Round "2"]
[White "Sukandar, Irine Kharisma"]
[Black "Nguyen, Hong Anh"]
[Result "1/2-1/2"]
[WhiteTitle "IM"]
[BlackTitle "WIM"]
[WhiteElo "2413"]
[BlackElo "1993"]
[WhiteFideId "7101937"]
[BlackFideId "12406732"]
[EventDate "2021.05.28"]

1. d4 Nf6 2. Bf4 g6 3. Nc3 d5 4. e3 Bg7 5. h4 h5 6. Be2 c5 7. Nb5 Na6 8. Nf3 O-O
9. Ne5 Nd7 10. Nxd7 Bxd7 11. a4 Qc8 12. O-O Nb4 13. c3 Na6 14. Bf3 Bc6 15. Bg3
Qd7 16. Qe2 Rae8 17. Rfd1 e5 18. dxe5 Bxe5 19. Bxe5 Rxe5 20. b3 Qe7 21. Nxa7 Nc7
22. Nxc6 bxc6 23. g3 Rb8 24. Qc2 Qf6 25. Bg2 Rf5 26. a5 Nb5 27. c4 Nc3 28. Rdc1
d4 29. exd4 cxd4 30. a6 Re5 31. Re1 Rxe1+ 32. Rxe1 Ra8 33. Ra1 d3 34. Qxd3 Ne2+
35. Qxe2 Qxa1+ 36. Kh2 Qxa6 37. Qe7 Qb6 38. Qf6 Ra2 39. Qxc6 Qxc6 40. Bxc6 Rxf2+
41. Kg1 Rb2 42. Ba4 Kf8 43. c5 Ke7 44. Kf1 Ke6 45. Ke1 Kd5 46. Be8 Ke6 47. Ba4
f6 48. Kd1 Rg2 49. b4 Rxg3 50. b5 Rc3 51. b6 Rd3+ 52. Ke2 Rd8 53. c6 Kd6 54. c7
Rc8 55. Bb5 g5 56. hxg5 fxg5 57. Ba6 Re8+ 58. Kf2 Kc6 59. c8=Q+ Rxc8 60. Bxc8
Kxb6 61. Kg3 Kc6 62. Bg4 Kd6 63. Bxh5 Ke5 64. Kg4 Kf6 65. Be8 Ke7 66. Bb5 Kf6
67. Bc4 Kg6 68. Bd3+ Kh6 69. Be4 Kg7 70. Kxg5 1/2-1/2

[Event "Women's Speed Chess Q1"]
[Site "chess.com INT"]
[Date "2021.05.28"]
[Round "2"]
[White "Ovezdurdiyeva, Jemal"]
[Black "Arpita, Mukherjee"]
[Result "0-1"]
[WhiteTitle "WFM"]
[BlackTitle "WIM"]
[WhiteElo "2061"]
[BlackElo "2206"]
[WhiteFideId "14001888"]
[BlackFideId "5056403"]
[EventDate "2021.05.28"]

1. d4 Nf6 2. c4 g6 3. Nc3 Bg7 4. Nf3 d6 5. Bg5 O-O 6. e3 h6 7. Bh4 c5 8. Be2 Qb6
9. b3 cxd4 10. exd4 Bg4 11. O-O Nc6 12. d5 Bxf3 13. Bxf3 Ne5 14. Be2 Rac8 15.
Rc1 g5 16. Bg3 Nfd7 17. Kh1 Ng6 18. f4 gxf4 19. Bxf4 Nxf4 20. Rxf4 Kh8 21. Qd2
Ne5 22. Rh4 Ng6 23. Rh3 Qd4 24. Qxd4 Bxd4 25. Rxh6+ Kg7 26. Rh3 Rh8 27. Bg4 Rxh3
28. Bxh3 Rh8 29. Nb5 Be5 30. Nxa7 Nf4 31. Rc2 Nxh3 32. gxh3 Rxh3 33. Nc8 Kf8 34.
Nb6 Ke8 35. Rg2 f5 36. Rf2 f4 37. Kg2 Rc3 38. Na4 Rc1 39. h4 Kf7 40. Nb2 Kg6 41.
Nd3 Ra1 42. Nxf4+ Bxf4 43. Rxf4 Rxa2+ 44. Rf2 Ra3 45. Rf3 Ra1 46. Re3 Kf6 47. h5
Ra8 48. h6 Rh8 49. Re6+ Kf7 50. Kf3 Rh7 51. Ke4 Rh8 52. Kd4 Rg8 53. Kc3 Rg3+ 54.
Kb4 Rh3 55. Ka4 Ke8 56. b4 Rh4 57. Kb5 Kd7 58. c5 dxc5 59. bxc5 Rh5 60. Re4 Rxh6
61. Rd4 Rh5 62. Kb6 Kc8 63. Rg4 Rh6+ 64. Kb5 Kc7 65. Rd4 Rh1 66. Re4 Rb1+ 67.
Rb4 Rxb4+ 68. Kxb4 Kd7 69. Kc4 Kc7 70. Kb5 Kd7 71. Kb6 Kc8 72. Ka7 Kc7 73. Ka8
b6 74. cxb6+ Kxb6 75. Kb8 Kc5 76. Kc7 Kxd5 77. Kd7 e5 78. Ke7 e4 0-1

[Event "Women's Speed Chess Q1"]
[Site "chess.com INT"]
[Date "2021.05.28"]
[Round "2"]
[White "Samaganova, Alexandra"]
[Black "Tarasova, Viktoriya"]
[Result "1/2-1/2"]
[WhiteTitle "WFM"]
[BlackTitle "WIM"]
[WhiteElo "1993"]
[BlackElo "2226"]
[WhiteFideId "13800221"]
[BlackFideId "4175840"]
[EventDate "2021.05.28"]

1. c4 Nf6 2. Nc3 e5 3. Nf3 Nc6 4. a3 d5 5. cxd5 Nxd5 6. Qc2 Be6 7. e3 Bd6 8. b4
O-O 9. Bb2 a6 10. Be2 Qe7 11. O-O Nxc3 12. Bxc3 Rad8 13. d4 exd4 14. Nxd4 Nxd4
15. Bxd4 Qh4 16. g3 Qh6 17. Bf3 c6 18. Rfd1 Bh3 19. Rd2 Bc7 20. Rad1 Qe6 21. Qc3
f6 22. Bc5 Rfe8 23. Bg2 Bg4 24. Rxd8 Rxd8 25. Rxd8+ Bxd8 26. Qd4 Bc7 27. h4 h6
28. a4 Qd7 29. Qxd7 Bxd7 30. b5 axb5 31. axb5 cxb5 32. Bxb7 Kf7 33. Bd5+ Kg6 34.
Kf1 h5 35. Bb4 Kf5 36. Ke2 g5 37. hxg5 fxg5 38. Bf7 h4 39. gxh4 gxh4 40. Bd5 h3
41. f4 Kg4 42. Kf2 Bd8 43. Bf3+ Kh4 44. Bh1 Bf6 45. Bc5 Bd8 46. Bb4 Bb6 47. Be7+
Kh5 48. Bf3+ Kg6 49. Bb4 Ba7 50. Bh1 Kf6 51. Bf3 Ke6 52. Bh1 Kf6 53. Bf3 Kf7 54.
Bd5+ Ke8 55. Bf3 Kd8 56. Bd5 Kc7 57. Ba5+ Bb6 58. Bb4 Kd8 59. Bf3 Ba7 60. Bh1
Kc7 61. Ba5+ Kd6 62. Bb4+ Bc5 63. Bc3 b4 64. Bb2 Be6 65. Be4 b3 66. f5 Bf7 67.
f6 Bb4 68. Bb1 Ke6 69. Kg3 Bc5 70. e4 Bd6+ 71. Kxh3 Be5 72. Ba3 Kxf6 73. Kg4 b2
74. Bxb2 Be6+ 75. Kf3 Bxb2 76. Bd3 Be5 77. Bc2 Ke7 78. Bd3 Kd6 79. Bc2 Kc5 80.
Bd3 Kd4 81. Bb1 Bc4 82. Bc2 Bd6 83. Bb1 Be5 84. Bc2 Bf7 85. Bb1 Bh5+ 86. Kf2 Bf4
87. Bc2 Bg4 88. Bb1 Bh5 89. Bc2 Bg6 90. Bb1 Bf7 91. Bc2 Be6 92. Bb1 Bg4 93. Bc2
Ke5 94. Bb1 Kf6 95. Bc2 Kg5 96. Bb1 Kh4 97. Bc2 Kg5 98. Bb1 Bh5 99. Bc2 Kh4 100.
Bb1 Kg5 101. Bc2 Kf6 102. Bb1 Ke5 103. Bc2 Kd4 104. Bb1 Bf7 105. Kf3 Be5 106.
Ke2 Bc4+ 107. Ke1 Ke3 108. Kd1 Bb3+ 109. Kc1 Bc3 110. Bc2 Bc4 111. Bb1 Bb5 112.
Bc2 Bd4 113. Kb1 Bc6 114. Ka2 Bd7 115. Bb1 Bc6 116. Kb3 Kd2 117. Kc4 Bf6 118.
Kc5 Be8 119. Kd6 Ke3 120. e5 Bxe5+ 121. Kxe5 1/2-1/2

[Event "Women's Speed Chess Q1"]
[Site "chess.com INT"]
[Date "2021.05.28"]
[Round "3"]
[White "Zakirova, Aisha"]
[Black "February, Jesse Nikki"]
[Result "1-0"]
[WhiteTitle "WCM"]
[BlackTitle "WIM"]
[WhiteElo "1585"]
[BlackElo "1824"]
[WhiteFideId "13719734"]
[BlackFideId "14312336"]
[EventDate "2021.05.28"]

1. d4 d5 2. c4 c6 3. Nc3 Nf6 4. Nf3 Bg4 5. Ne5 Bh5 6. cxd5 cxd5 7. Qb3 Qb6 8.
Qa4+ Nc6 9. e3 e6 10. Bb5 Rc8 11. Nxc6 bxc6 12. Ba6 Rc7 13. O-O Bd6 14. h3 O-O
15. Bd3 c5 16. Nb5 Rb7 17. Nxd6 Qxd6 18. Qa3 Rc7 19. Bd2 Bg6 20. Bxg6 hxg6 21.
dxc5 Qxc5 22. Bb4 Qc2 1-0

[Event "Women's Speed Chess Q1"]
[Site "chess.com INT"]
[Date "2021.05.28"]
[Round "3"]
[White "Zhai, Mo"]
[Black "Vargas, Gabriela"]
[Result "1-0"]
[WhiteTitle "WGM"]
[BlackTitle "WIM"]
[WhiteElo "2366"]
[BlackElo "2170"]
[WhiteFideId "8600201"]
[BlackFideId "3700860"]
[EventDate "2021.05.28"]

1. Nf3 d5 2. g3 c6 3. Bg2 Bg4 4. O-O Nd7 5. d4 e6 6. h3 Bf5 7. Nbd2 Ngf6 8. c4
h6 9. cxd5 exd5 10. Qb3 Qb6 11. Qe3+ Be7 12. Nh4 Bh7 13. b3 g5 14. Ba3 Qd8 15.
Nhf3 Kf8 16. Bb2 Bd6 17. Ne5 Qe7 18. f4 g4 19. hxg4 Bxe5 20. fxe5 Nxg4 21. Qf4
h5 22. Ba3 c5 23. Bxd5 Bg6 24. e6 1-0

[Event "Women's Speed Chess Q1"]
[Site "chess.com INT"]
[Date "2021.05.28"]
[Round "3"]
[White "Bommini, Mounika Akshaya"]
[Black "Paehtz, Elisabeth"]
[Result "0-1"]
[WhiteTitle "WFM"]
[BlackTitle "IM"]
[WhiteElo "2029"]
[BlackElo "2456"]
[WhiteFideId "25019872"]
[BlackFideId "4641833"]
[EventDate "2021.05.28"]

1. f4 d5 2. g3 c6 3. Bg2 g6 4. Nf3 Bg7 5. d3 Nd7 6. O-O e5 7. fxe5 Nxe5 8. Nxe5
Bxe5 9. e4 dxe4 10. Bxe4 Nf6 11. Bg2 Ng4 12. Qe1 O-O 13. h3 Re8 14. hxg4 Bd4+ 0-1

[Event "Women's Speed Chess Q1"]
[Site "chess.com INT"]
[Date "2021.05.28"]
[Round "3"]
[White "Frattini, Beatriz Maria"]
[Black "Borisova, Ekaterina"]
[Result "0-1"]
[WhiteTitle "WCM"]
[BlackTitle "FM"]
[WhiteElo "1854"]
[BlackElo "2268"]
[WhiteFideId "22715002"]
[BlackFideId "34124184"]
[EventDate "2021.05.28"]

1. e4 e5 2. Nf3 Nc6 3. Bb5 a6 4. Ba4 Nf6 5. O-O b5 6. Bb3 Bc5 7. c3 d6 8. Bc2
O-O 9. h3 h6 10. d4 Bb6 11. Re1 Re8 12. dxe5 dxe5 13. Qe2 Be6 14. Nbd2 Qe7 15.
Nf1 Bc4 16. Bd3 Bxd3 17. Qxd3 Rad8 18. Qe2 Na5 19. Ng3 Qd7 20. Be3 Bxe3 21. Qxe3
Nc4 22. Qe2 Qd3 23. Nf5 Qxe2 24. Rxe2 Kh7 25. b3 Nb6 26. g4 g6 27. Ng3 Rd3 28.
Re3 Red8 29. Rae1 Rxe3 30. Rxe3 Rd1+ 31. Kg2 Nfd7 32. g5 h5 33. Ne2 Ra1 34. a4
bxa4 35. bxa4 Rxa4 36. Ng3 Ra1 37. Rd3 a5 38. Nd2 a4 39. c4 a3 40. Nb3 Rb1 41.
c5 a2 0-1

[Event "Women's Speed Chess Q1"]
[Site "chess.com INT"]
[Date "2021.05.28"]
[Round "3"]
[White "Nguyen, Hong Anh"]
[Black "Franco Valencia, Angela"]
[Result "1-0"]
[WhiteTitle "WIM"]
[BlackTitle "WIM"]
[WhiteElo "1993"]
[BlackElo "2089"]
[WhiteFideId "12406732"]
[BlackFideId "4403070"]
[EventDate "2021.05.28"]

1. d4 Nf6 2. c4 c5 3. Nf3 e6 4. g3 b6 5. Bg2 Bb7 6. dxc5 Bxc5 7. O-O O-O 8. Nc3
Nc6 9. b3 a6 10. Bb2 Rc8 11. a3 Qc7 12. Rc1 Be7 13. Qd3 Qb8 14. Rfd1 Qa8 15. Na4
Qa7 16. Nd4 Ne5 17. Qe3 Neg4 18. Qd2 Bxg2 19. Kxg2 Qb7+ 20. Nf3 Rfd8 21. Qf4 b5
22. cxb5 axb5 23. Nc3 Qb6 24. e3 b4 25. Na4 Qb7 26. axb4 Nh6 27. Nc5 Qa8 28.
Bxf6 Bxf6 29. b5 e5 30. Qa4 d6 31. Ne4 Be7 32. Rxc8 Qxc8 33. Qc4 Qb7 34. Qc6 Rb8
35. Nxd6 Bxd6 36. Rxd6 g6 37. Rd8+ Kg7 38. Rxb8 Qxb8 39. b6 Nf5 40. Qc7 Qxc7 41.
bxc7 Nd6 42. Nxe5 Kf8 43. b4 f6 44. Nc4 Nc8 45. b5 Ke7 46. b6 Kd7 47. b7 1-0